Love Sex and Communication / Skills for Recovery (Record no. 418)
[ view plain ]
| 000 -LEADER | |
|---|---|
| fixed length control field | 01432cam a22002174a 4500 |
| 005 - ΗΜΕΡΟΜΗΝΙΑ ΚΑΙ ΩΡΑ ΤΕΛΕΥΤΑΙΑΣ ΕΝΗΜΕΡΩΣΗΣ | |
| Πεδίο ελέγχου | 20250605163934.0 |
| 008 - FIXED-LENGTH DATA ELEMENTS--GENERAL INFORMATION | |
| Πεδίο ελέγχου σταθερού μήκους | 250528s ||||||||||||||||||||||||d |
| 035 ## - SYSTEM CONTROL NUMBER | |
| System control number | 14802 |
| 020 ## - ISBN | |
| ISBN | 961013230 |
| 040 ## - ΠΗΓΗ ΚΑΤΑΛΟΓΟΓΡΑΦΗΣΗΣ | |
| Φορέας πρωτότυπης καταλογογράφησης | MC Athens Campus Library |
| Γλώσσα καταλογογράφησης | Ελληνικά, Μοντέρνα (1453-) |
| Modifying agency | MC Athens Campus Library |
| Κανόνες περιγραφικής καταλογογράφησης | AACR2 |
| 245 1# - ΤΙΤΛΟΣ ΚΑΙ ΔΗΛΩΣΗ ΥΠΕΥΘΥΝΟΤΗΤΑΣ | |
| Τίτλος | Love Sex and Communication / Skills for Recovery |
| 250 ## - EDITION STATEMENT | |
| Edition statement | 1st |
| 260 ## - PUBLICATION, DISTRIBUTION, ETC. | |
| Name of publisher, distributor, etc. | Vivation Publishing Co, |
| Date of publication, distribution, etc. | 1990 |
| 300 ## - PHYSICAL DESCRIPTION | |
| Extent | 310 |
| 520 ## - SUMMARY, ETC. | |
| Summary, etc. | This book is what your parents would have told you about love and sex if they hadn't been so confused, embarrassed and ashamed of it. Introduction, Dedication, Acknowledgements, Theory and Methods for Emotional Recovery, The Structure of Your Mind, The Operation of Your Mind, The Mind and the Body, Doing vs. Feeling, Suppression, How Suppression Causes Addiction, Activation, Integration, Taking Action by Yourself, Understanding Your Emotion, Identifying Unconsios Patterns of Behavior and Thought, Interaction with Your Lover's Patterns, Sex, Rights and Boundaries, How to Enjoy Being Single, Communication Skills for Singles, The Dating Game, Getting Serious, Leaving, Taking Action with Your Partner, Communication Skills for Couples, Couples and Money, Building a Functional Family, Applying Emotional Resolution to Your Love Life Vivation, Advanced Vivation Techniques, Living Happily Ever After. |
| 700 1# - ΠΡΟΣΘΕΤΗ ΑΝΑΓΡΑΦΗ--ΦΥΣΙΚΟ ΠΡΟΣΩΠΟ | |
| Personal name | Laut Phil |
| 9 (RLIN) | 565 |
| 700 1# - ΠΡΟΣΘΕΤΗ ΑΝΑΓΡΑΦΗ--ΦΥΣΙΚΟ ΠΡΟΣΩΠΟ | |
| Personal name | Miller Jeanne |
| 9 (RLIN) | 566 |
| 942 ## - ADDED ENTRY ELEMENTS (KOHA) | |
| Koha item type | Books |
| Τύπος τεκμηρίου | Βιβλιοθήκη | Τρέχουσα τοποθεσία | Barcode | Αριθμός εισαγωγής | Ημερομηνία απόκτησης | Ταξιθετικό σύμβολο | Αριθμός αντιτύπου | Κατάσταση απόσυρσης | Κατάσταση χαμένου | Κατάσταση κατεστραμμένου | Μη δανεισμός | Σύνολο δανεισμών | Σύνολο ανανεώσεων | Ημερομηνία τελευταίας εμφάνισης | Χρονολογία τελευταίου δανεισμού | Η τιμή ισχύει από |
|---|---|---|---|---|---|---|---|---|---|---|---|---|---|---|---|---|
| Books | MC Athens Campus Library | MC Athens Campus Library | 9780000004178 | 4984 | 05/06/2025 | 155.3 MIL | 1 | 2 | 4 | 25/11/2025 | 12/11/2025 | 05/06/2025 |